Loading...
| Current Events | 2 | 10.00 | 100% | 0% | 0% |
| Fine Arts - Classical Music | 6 | 18.33 | 67% | 100% | 17% |
| Fine Arts - Other | 9 | 13.33 | 89% | 44% | 0% |
| Fine Arts - Painting and Sculpture | 10 | 19.00 | 100% | 80% | 10% |
| Geography | 2 | 5.00 | 50% | 0% | 0% |
| History - American | 11 | 21.82 | 100% | 91% | 27% |
| History - European | 7 | 20.00 | 100% | 71% | 29% |
| History - Other | 8 | 15.00 | 88% | 63% | 0% |
| History - World | 7 | 18.57 | 86% | 100% | 0% |
| Literature - American | 5 | 20.00 | 100% | 80% | 20% |
| Literature - British | 2 | 20.00 | 100% | 100% | 0% |
| Literature - European | 9 | 20.00 | 100% | 89% | 11% |
| Literature - World | 9 | 20.00 | 100% | 78% | 22% |
| Mythology | 10 | 17.00 | 100% | 40% | 30% |
| Other Academic | 2 | 5.00 | 50% | 0% | 0% |
| Philosophy | 7 | 21.43 | 100% | 86% | 29% |
| Pop Culture | 2 | 15.00 | 50% | 100% | 0% |
| Religion | 8 | 16.25 | 100% | 38% | 25% |
| Science - Biology | 7 | 12.86 | 86% | 43% | 0% |
| Science - Chemistry | 9 | 15.56 | 89% | 56% | 11% |
| Science - Other | 6 | 11.67 | 100% | 0% | 17% |
| Science - Physics | 6 | 6.67 | 33% | 33% | 0% |
| Social Science | 7 | 17.14 | 100% | 43% | 29% |